| 000 | 00850nam a22002417a 4500 | ||
|---|---|---|---|
| 003 | EG-ScBUE | ||
| 005 | 20221016105631.0 | ||
| 008 | 100221t2009 enka f 001 0 eng d | ||
| 020 | _a9780500342503 | ||
| 040 |
_aEG-ScBUE _beng _erda _cEG-ScBUE _dEG-ScBUE |
||
| 082 | 0 | 4 |
_222 _a720.922 _bCOM |
| 245 | 0 | 4 | _aThe complete Zaha Hadid. |
| 264 | 1 |
_aLondon : _bThames & Hudson, _c[2009] |
|
| 264 | 4 | _cc2009 | |
| 300 |
_a256 pages : _billustrations (chiefly color) ; _c25 cm |
||
| 500 | _a"This is revised and expanded edition of Zaha Hadid: The complete buildings and projects, originally published in 1998 by Thames & Hudson Ltd."--T.p. verso. | ||
| 500 | _aIncludes index. | ||
| 600 | 1 | 7 |
_911583 _aHadid, Zaha. _2BUEsh |
| 650 | 7 |
_911582 _aWomen architects _zIraq _vBiography. _2BUEsh |
|
| 653 | _bENGARC | ||
| 655 | _vReading book | ||
| 942 |
_2ddc _cBB |
||
| 999 |
_c13440 _d13440 |
||